Online Catalogue and eLibrary

The Nation in crisis and the rise of ethno nationalism : (Record no. 2054)

MARC details
000 -LEADER
fixed length control field 00255nam a2200097Ia 4500
008 - FIXED-LENGTH DATA ELEMENTS--GENERAL INFORMATION
fixed length control field 240331s9999 xx 000 0 und d
082 ## - DDC Classification
Item Number - Author Mark TAM
100 ## - MAIN ENTRY--PERSONAL NAME
Personal name Tambiah, Stanley J
245 #4 - TITLE STATEMENT
Title The Nation in crisis and the rise of ethno nationalism :
Remainder of title -
942 ## - Koha item type (Biblio)
Koha item type Books in Stacks (Lending)
Holdings
Lost status Damaged status Collection code Home library Current library Shelving location Date acquired Full call number Accession Number Item type
    Lending WERC Library WERC Library Social Science Cupboard 03/31/2024 305.8 TAM 777 Books in Stacks (Lending)

© WERC Library